English-Georgian Dictionary / ინგლისური-ქართული ლექსიკონი (Record no. 2120)

000 -LEADER
fixed length control field 00791nam a22002057a 4500
003 - CONTROL NUMBER IDENTIFIER
control field OSt
005 - DATE AND TIME OF LATEST TRANSACTION
control field 20210414103105.0
008 - FIXED-LENGTH DATA ELEMENTS--GENERAL INFORMATION
fixed length control field 210311s1962 ||||| |||| 00| 0 eng d
040 ## - CATALOGING SOURCE
Original cataloging agency eng
Language of cataloging eng
Transcribing agency DLC
041 ## - LANGUAGE CODE
Language code of text/sound track or separate title eng
-- geo
080 ## - UNIVERSAL DECIMAL CLASSIFICATION NUMBER
Universal Decimal Classification number 811-3
Item number G-97
100 ## - MAIN ENTRY--PERSONAL NAME
9 (RLIN) 1350
Personal name Gvardjaladze, Tamar / გვარჯალაძე, თამარ
245 ## - TITLE STATEMENT
Title English-Georgian Dictionary / ინგლისური-ქართული ლექსიკონი
Statement of responsibility, etc. / by: Knowledge / ცოდნა
260 ## - PUBLICATION, DISTRIBUTION, ETC.
Place of publication, distribution, etc. Tbilisi / თბილისი
Name of publisher, distributor, etc. Knowledge / ცოდნა
Date of publication, distribution, etc. 1962
300 ## - PHYSICAL DESCRIPTION
Extent 581 p.
650 #0 - SUBJECT ADDED ENTRY--TOPICAL TERM
9 (RLIN) 452
Topical term or geographic name entry element Dictionary
653 ## - INDEX TERM--UNCONTROLLED
Uncontrolled term ლექსიკონი
700 ## - ADDED ENTRY--PERSONAL NAME
9 (RLIN) 1351
Personal name Gvardjaladze, Isidore / გვარჯალაძე, ისიდორე
942 ## - ADDED ENTRY ELEMENTS (KOHA)
Source of classification or shelving scheme
Koha item type Books
Holdings
Withdrawn status Lost status Source of classification or shelving scheme Damaged status Not for loan Permanent location Current location Date acquired Inventory number Total Checkouts Full call number Barcode Date last seen Price effective from Koha item type
          Ken Walker International University Ken Walker International University 03/11/2021 1588   811-3 G-97 1588 03/11/2021 03/11/2021 Books

Powered by Koha